| 000 | 00385nam a2200097Ia 4500 | ||
|---|---|---|---|
| 008 | 180130s9999 xx 000 0 und d | ||
| 245 |
_cRepnik, Robert; Kaucic, Branko; Krasna, Marjan _aE-learning in the modern curriculum development |
||
| 260 | _c2015 | ||
| 300 | _aBook title: An integrated approach to e-learning--Acession number C20654; pages 187-200 | ||
| 650 | _aEDUCATION--E-LEARNING | ||
| 999 |
_c353733 _d353733 |
||